000 00772nam a2200181 i 4500
001 51612
003 ES-MaACL
005 20251011063106.0
007 t|
008 030814s1765 sp ||||1| spa d
100 0 _aChica Benavides, Antonio de la,
_c(O.SS.T.)
_938477
245 1 0 _aMamotreto en que van enquaderanados todos los semaneros granadinos o gazetillas
_b: que han salido desde el lunes 9 de Abril de 1764 hasta el lunes 17 de junio de 1765 /
_csu autor Antonio de la Chica Benavides.
260 _aGranada :
_bFr. Francisco Joseph de los Rios,
_c1765.
300 _a209 h. ;
_c20 cm.
500 _aEl encabezamiento de cada gazetilla tiene la granada o el escudo de Granada.
852 _aES-MaACL
_jR-349
_x Olim: D-2499
999 _c51612
_d51612